000 02155nam0a2200349 i 4500
001 RU\NLR\BIBL_A\011407837
005 20241102221741.0
010 _a9785731037976
_9500
021 _aRU
_b2017-38996
_92844
035 _a(RuMoRGB)008898796
035 _a(NLR Aleph) 011407837
090 _a11542313
_c11542313
100 _a20170619d2017 k y0rusy50 ca
101 0 _arus
_deng
102 _aRU
105 _ay|||z|||000zy
200 1 _aРоль энергетики в развитии национальной экономики
_e[монография]
_fВ.В. Круглов, Г.Б. Макаренко, Л.А. Балабина
_gМинистерство образования и науки Российской Федерации, Федеральное государственное бюджетное образовательное учреждение высшего образования "Санкт-Петербургский государственный экономический университет", Кафедра общей экономической теории и истории экономической мысли
210 _aСанкт-Петербург
_cИзд-во Санкт-Петербургского государственного экономического университета
_d2017
215 _a63 с.
_d21
320 _aБиблиогр.: с. 62-63 (30 назв.) и в подстроч. примеч.
606 _aЭнергетические ресурсы
_xИспользование
_91757151
_3RU\NLR\AUTH\661083063
606 1 _aЭнергетическая промышленность
_yРоссийская Федерация
_92106818
_3RU\NLR\AUTH\661273613
686 _aУ530.570,0
_2rubbk
686 1 _aУ5-554.08
686 1 _aУ30(2)57
700 1 _aКруглов
_bВ. В.
_gВячеслав Вениаминович
701 1 _aМакаренко
_bГ. Б.
_gГеоргий Борисович
701 1 _aБалабина
_bЛ. А.
_gЛюдмила Алексеевна
942 _cBOOK
980 _aNBR